Interpreten nach Lieder #14 - N - Statistiken

Allgemein
  • Dieses Quiz wurde 78 mal gespielt
  • Das Durchschnittsergebnis liegt bei 10 aus 30
Antwortstatistiken
Lieder Interpret % Korrekt
99 Luftballons; Irgendwie, Irgendwo, Irgendwann; Irgendwo Nena
100%
Mangos mit Chili, Wildberry Lillet, Glatteis Nina Chuba
84%
Heart-Shaped Box, Smells Like Teen Spirit, Coma As You Are Nirvana
76%
Lieblingsmensch, Liebe ist..., Ja ne parle pas français Namika
74%
Du hast den Farbfilm vergessen, African Reggae, Erfurt & Gera Nina Hagen
65%
How You Remind Me, Burn It to the Ground, Rockstar Nickelback
63%
Maneater, Say It Right, Promiscuous Nelly Furtado
57%
Beauty And A Beast, Starships, Tusa Nicki Minaj
57%
Allein in Griechenland, Ein bisschen Frieden, Papillon Nicole
56%
Still in Love with You, Daylight in Your Eyes, Something About Us No Angels
46%
Jenseits von Eden, Guardian Angel, Ich sterbe nicht nochmal Nino de Angelo
43%
Sweet Caroline, Forever In Blue Jeans, America Neil Diamond
40%
Don't Speak, Just A Girl, Hella Good No Doubt
38%
The Riddle, Wide Boy, Wouldn't It Be Good Nik Kershaw
24%
Highland Girl, Home, Wellerman Nathan Evans
21%
Nemo, Ghost Love Score, Amaranth Nightwish
21%
Blue Monday, World in Motion, Age of Consent New Order
19%
Let You Down, Search, Hope NF
19%
Love Hurts, This Flight Tonight, Hair of the Dog Nazareth
18%
Old Man, Rockin' in the Free World, Heart of Gold Neil Young
18%
It's Gonna Be Me, This I Promise You, Pop *NSYNC
16%
Closer, The Hand That Feeds, Hurt Nine Inch Nails
15%
You Get What You Give, Flowers, Someday We'll Know New Radicals
10%
Norwegian Reggaeton, Valhallelujah, Uranus NanowaR of Steel
6%
Scum, The Wolf I Feed, Instinct of Survival Napalm Death
6%
Linoleum, Don't Call Me White, Bob NOFX
6%
Young Blood, Girls Like You, Punching In A Dream The Naked And Famous
6%
Death!, Endless Ambition, Kill the Silence Nervosa
1%
Divinyls, White Jeans, Satellite The Night Flight Orchestra
1%
Come For Me, Hurts Like Hell, Angel Eyes New Years Day
0%
Keine übereinstimmenden Quizze gefunden
Verteilung der Resultate
Anzahl Personen mit jedem Resultat
Perzentil nach korrekt beantworteten Fragen
Ihre Resultats-Entwicklung
Sie haben dieses Quiz noch nicht gespielt